Normal view
MARC view
- Pelsmakers, Sofie
Entry Personal Name
001 - CONTROL NUMBER
- control field: 118994
003 - CONTROL NUMBER IDENTIFIER
- control field: NUST
005 - DATE AND TIME OF LATEST TRANSACTION
- control field: 20231128145423.0
008 - FIXED-LENGTH DATA ELEMENTS
- fixed length control field: 231128|| aca||aabn | a|a d
040 ## - CATALOGING SOURCE
- Original cataloging agency: NUST
- Transcribing agency: NUST
100 ## - HEADING--PERSONAL NAME
- Personal name: Pelsmakers, Sofie
670 ## - SOURCE DATA FOUND
- Source citation: Work cat.: (NUST)1917: Pelsmakers, Sofie., The environmental design pocketbook /, 2012.
